MARC

LEADER 00000nam0a2200000 4500
001 285883
005 20231101235834.0
035 |a (RuTPU)RU\TPU\book\310170 
090 |a 285883 
100 |a 20150228d1984 k y0rusy50 ca 
101 0 |a rus 
102 |a UA 
105 |a a z 001zy 
200 1 |a Прикладные вопросы аэродинамики летательных аппаратов  |f Академия наук СССР (АН СССР) ; Академия наук Украинской ССР (АН УССР) ; под ред. В. В. Пилипенко 
210 |a Киев  |c Наукова думка  |d 1984 
215 |a 160 с.  |c ил. 
320 |a Библиография в конце статей 
606 |a Летательные аппараты  |x Динамический расчет  |x Аэродинамика  |2 stltpush  |3 (RuTPU)RU\TPU\subj\40103  |9 59975 
610 1 |a тела вращения 
610 1 |a комета Галлея 
610 1 |a массоперенос 
610 1 |a характеристики 
610 1 |a разряженные газы 
610 1 |a атмосфера 
610 1 |a теплообмен 
610 1 |a ударные волны 
610 1 |a уравнение Эйлера 
610 1 |a решение 
610 1 |a уравнения Навье-Стокса 
610 1 |a обтекание 
610 1 |a пограничный слой 
610 1 |a струйные течения 
610 1 |a газодинамика 
610 1 |a тепломассообмен 
675 |a 629.73.015  |v 3 
702 1 |a Пилипенко  |b В. В.  |4 340 
712 0 2 |a Академия наук СССР (АН СССР)  |c (Ленинград/Москва)  |c (1925-1991)  |2 stltpush  |3 (RuTPU)RU\TPU\col\722 
712 0 2 |a Академия наук Украинской ССР (АН УССР)  |c (1936-1991)  |2 stltpush  |3 (RuTPU)RU\TPU\col\332 
801 1 |a RU  |b 63413507  |c 20150228 
801 2 |a RU  |b 63413507  |c 20171101  |g RCR 
942 |c BK